000 02502cam a2200313 4500500
005 20251228074251.0
041 _afre
042 _adc
100 1 0 _aWarin, Philippe
_eauthor
245 0 0 _aL’émergence de la question du non-recours dans un parcours de recherche
260 _c2021.
500 _a74
520 _aLa question du non-recours préoccupe aujourd’hui les acteurs des politiques soucieux de ne pas atteindre les publics. Ce texte présente les circonstances de son émergence, il y a une trentaine d’années, en lien avec un parcours de recherche. L’objectif n’est pas de présenter une sociohistoire du non-recours comme catégorie d’analyse et d’action. En revanche, ce témoignage montre ce qui peut durablement compter lorsque le métier de sociologue consiste (aussi) à ouvrir le passage à des questions qui peuvent déranger : en particulier, l’engagement dans des hypothèses de recherche fortes, l’effort dans la fabrication des outils nécessaires à l’explication et à la prise en compte des résultats, et le choix d’un langage scientifique sobre et direct.
520 _aThe issue of non-take-up and not reaching targeted populations is currently of growing concern to policy makers. This article presents the circumstances of its emergence three decades ago, in parallel with my own research career. The aim is not to present a socio-history of non-take-up as a category of analysis and action. Instead, this testimony shows what can sustainably make a difference when the sociologist’s profession (also) consists in opening the way to potentially uncomfortable questions: in particular, the exploration of strong research hypotheses, the creation of tools required for fruitful exploration and the taking into account of results, and the choice of a sober and direct scientific language.
690 _achoix scientifiques
690 _aémergence d’une question sociale
690 _alangage scientifique
690 _anon recours au droit
690 _aoutils de recherche
690 _arencontres professionnelles
690 _aemergence of a social issue
690 _anon-take-up
690 _aprofessional encounters
690 _aresearch tools
690 _ascientific choices
690 _ascientific language
786 0 _nSociologies pratiques | 43 | 2 | 2021-11-24 | p. 97-108 | 1235-9278
856 4 1 _uhttps://shs.cairn.info/revue-sociologies-pratiques-2021-2-page-97?lang=fr&redirect-ssocas=7080
999 _c1597379
_d1597379